000 00486nam a2200181Ia 4500
005 20250508151753.0
008 008 250505s9999 xx 000 0 eng d
037 _aTextual
040 _aFEDL
_beng
_cFEDL
041 _aeng
_2eng
084 _a920, TUR
_qFEDL
100 _aTurnbull H W
_9517385
245 0 _aGreat mathematicians
260 _aLondon, UK
_bMethuen and Co. Ltd.
_c1951
300 _axii,128p.
942 _cTEXL
_h920, TUR
999 _c1332048
_d1332048